UBT Library

Readings in ancient Greek philosophy : (Record no. 41647)

000 -LEADER
fixed length control field 00923cam a22002654a 4500
001 - CONTROL NUMBER
control field 11934541
005 - DATE AND TIME OF LATEST TRANSACTION
control field 20180202073721.0
008 - FIXED-LENGTH DATA ELEMENTS--GENERAL INFORMATION
fixed length control field 000307s2000 inub b 000 0 eng
010 ## - LIBRARY OF CONGRESS CONTROL NUMBER
LC control number 00028126
020 ## - INTERNATIONAL STANDARD BOOK NUMBER
International Standard Book Number 087220538X (pbk.)
020 ## - INTERNATIONAL STANDARD BOOK NUMBER
International Standard Book Number 0872205398 (cloth)
040 ## - CATALOGING SOURCE
Original cataloging agency DLC
Transcribing agency DLC
Modifying agency DLC
041 1# - LANGUAGE CODE
Language code of text/sound track or separate title eng
042 ## - AUTHENTICATION CODE
Authentication code pcc
080 ## - UNIVERSAL DECIMAL CLASSIFICATION NUMBER
Universal Decimal Classification number 180 MAR
082 00 - DEWEY DECIMAL CLASSIFICATION NUMBER
Classification number 180 MAR
Edition number 21
100 ## - Rafti
Rafti 24
101 ## - Shkurtesa
Shkurtesa FIL
245 00 - TITLE STATEMENT
Title Readings in ancient Greek philosophy :
Statement of responsibility, etc edited by S. Marc Cohen, Patricia Curd, C.D.C. Reeve.
246 30 - VARYING FORM OF TITLE
Title proper/short title Ancient Greek philosophy from Thales to Aristotle
504 ## - BIBLIOGRAPHY, ETC. NOTE
Bibliography, etc Includes bibliographical references (p. 855-859).
906 ## - LOCAL DATA ELEMENT F, LDF (RLIN)
a 7
b cbc
c orignew
d 1
e ocip
f 20
g y-gencatlg
942 ## - ADDED ENTRY ELEMENTS (KOHA)
Source of classification or shelving scheme
Item type Books
Holdings
Withdrawn status Lost status Source of classification or shelving scheme Damaged status Not for loan Collection code Permanent location Current location Shelving location Date acquired Total Checkouts Full call number Barcode Date last seen Price effective from Koha item type
          Koleksioni i përgjithshem UBT - Lipjan UBT - Lipjan Koleksioni i përgjithshem 02/02/2018   180 MAR 002-2997517 02/02/2018 02/02/2018 Books
UBT Library © 2015-2024. All rights reserved University Education for Business and Technology